|
|
|
|
| LEADER |
00000nab a2200000 ar4500 |
| 001 |
vtls008844629 |
| 003 |
SK-MaSNL |
| 005 |
20260311224828.0 |
| 008 |
180405c2006 xo wr|p|||||||000 b|slo |
| 015 |
|
|
|a SNBRB2006/09
|2 snkbucl
|
| 040 |
|
|
|a SNKBUCL
|b slo
|c SNKBUCL
|e AACR2
|
| 041 |
0 |
|
|a slo
|
| 044 |
|
|
|a xo
|c SK
|
| 080 |
|
|
|a 94(437)
|x "1939/1945"
|2 2001
|
| 080 |
|
|
|a 94(437.3-542)
|x "1939/1945"
|2 2001
|
| 100 |
1 |
|
|a Leikert, Jozef,
|d 1955-
|4 aut
|9 92878
|
| 245 |
1 |
0 |
|a Studený marcový vietor
|n (1)
|c Jozef Leikert
|
| 300 |
|
|
|b Fotogr.
|
| 500 |
|
|
|a (Dokončenie v budúcom čísle)
|
| 650 |
0 |
7 |
|a druhá svetová vojna (1939-1945)
|2 snkbucl
|9 169657
|
| 651 |
|
7 |
|a Československo
|2 snkbucl
|9 21376
|
| 651 |
|
7 |
|a Protektorát Čechy a Morava (1939-1945)
|2 snkbucl
|9 167748
|
| 773 |
0 |
|
|t Slovo : spoločensko-politický týždenník
|g Roč. VIII, č. 10 (2006), s. 10
|x 1335-468X
|
| 852 |
|
|
|a SNK
|b KIS3GCP
|
| 958 |
|
|
|a CZ
|
| 958 |
|
|
|a SK
|
| 999 |
|
|
|c 3262467
|d 3264397
|